000 00607nam a2200181 a 4500
001 000253510
003 AM-YeHGA
005 20250618075752.0
008 030811s1898 ai 000 | arm d
040 _aAM-YeHGA
100 1 _aՍենկեւիչ, Հէնրիխ
245 1 0 _aՀետեւենք նրան /
_cՀ. Սենկեւիչ; Յ. Ադամեան.
260 _aՏփղիս :
_bտպ. Մ. Շարաձէի,
_c1898.
300 _a69 էջ
_bնկ. ;
_c20 սմ.
650 1 4 _aԼեհական գրականություն
_xՎիպակ
700 1 _aԱդամեան, Յակոբ
_eթարգմ.
_4trl
_97020
090 _c497820
999 _c494432
_d494432